| 000 | 00780cam a2200193 4500 | ||
|---|---|---|---|
| 001 | D6156 | ||
| 008 | 090401t1960 xxu||||| |||| 00| 0 eng d | ||
| 035 | _a(Sirsi) u87577 | ||
| 041 | _aeng | ||
| 050 | _a621.008 | ||
| 110 |
_aJoint Committee on Model Forms of General Conditions of Contract _92859 |
||
| 245 | _aModel form of general conditions of contract including form of agreement recommended by the Institution of Mechanical Engineers, the Institution of Electrical Engineers and the Association of Consulting Engineers for use in connection with exports contracts, delivery F.O.B., C.I.F. or F.O.R. | ||
| 260 |
_aLondon _bInstitution of Electrical Engineers _c1960 |
||
| 300 | _a12p. 33cm | ||
| 350 | _a0 | ||
| 520 | _aCover title | ||
| 942 | _n0 | ||
| 948 | _c04/03/1997 | ||
| 999 |
_c97250 _d97250 |
||